[Event "SLO-ch U14"]
[Site "Rogaska Slatina"]
[Date "2010.02.24"]
[Round "7"]
[White "Dobravec, Blaz"]
[Black "Mikolic, Martin"]
[Result "1/2-1/2"]
[WhiteElo "1526"]
[BlackElo "1517"]
[PlyCount "45"]
[EventDate "2010.02.21"]
[EventType "swiss"]
[EventRounds "9"]
[EventCountry "SLO"]
[SourceTitle "EXT 2015"]
[Source "ChessBase"]
[SourceDate "2014.11.20"]
[SourceVersion "1"]
[SourceVersionDate "2014.11.20"]
[SourceQuality "1"]

1. d4 f5 2. Nf3 Nf6 3. c4 g6 4. Nc3 Bg7 5. e3 0-0 6. Bd3 d6 7. 0-0 Qe8 8. e4 fxe4 9. Bxe4 Nxe4 10. Nxe4 Qc6 11. Qd3 Bf5 12. Re1 Nd7 13. b4 Nb6 14. c5 d5 15. b5 Qd7 16. cxb6 dxe4 17. Qb3+ Be6 18. Qe3 exf3 19. Qxe6+ Qxe6 20. Rxe6 Bxd4 21. Rb1 Bxb6 22. Rxe7 fxg2 23. Be3 1/2-1/2

[Event "SLO-ch U14"]
[Site "Rogaska Slatina"]
[Date "2010.02.23"]
[Round "6"]
[White "Asanin, Svarun"]
[Black "Dobravec, Blaz"]
[Result "1-0"]
[WhiteElo "1530"]
[BlackElo "1526"]
[PlyCount "49"]
[EventDate "2010.02.21"]
[EventType "swiss"]
[EventRounds "9"]
[EventCountry "SLO"]
[SourceTitle "EXT 2015"]
[Source "ChessBase"]
[SourceDate "2014.11.20"]
[SourceVersion "1"]
[SourceVersionDate "2014.11.20"]
[SourceQuality "1"]

1. e4 e5 2. Nf3 Nc6 3. Bc4 Bc5 4. Nc3 d6 5. h3 Nf6 6. d3 h6 7. Bd2 0-0 8. 0-0 Be6 9. Bxe6 fxe6 10. Be3 Nd4 11. Bxd4 Bxd4 12. Nxd4 exd4 13. Ne2 e5 14. f4 Qe7 15. fxe5 dxe5 16. c3 Rad8 17. cxd4 exd4 18. Qa4 Qc5 19. Nf4 Qb6 20. Qc4+ Rf7 21. Nh5 Kf8 22. e5 Nd5 23. Rxf7+ Kxf7 24. Nf4 Qb4 25. Nxd5 1-0

[Event "SLO-ch U12"]
[Site "Rogaska Slatina"]
[Date "2009.02.26"]
[Round "8"]
[White "Dobravec, Blaz"]
[Black "Krajnc, Matija"]
[Result "1-0"]
[WhiteElo "1500"]
[BlackElo "1506"]
[PlyCount "55"]
[EventDate "2009.02.22"]
[EventType "swiss"]
[EventRounds "9"]
[EventCountry "SLO"]
[SourceTitle "CBM 129 Extra"]
[Source "ChessBase"]
[SourceDate "2009.05.05"]
[SourceVersion "2"]
[SourceVersionDate "2009.05.20"]
[SourceQuality "1"]

1. e4 e5 2. Nf3 Nc6 3. Bc4 Bc5 4. c3 Nf6 5. d4 exd4 6. cxd4 Bb4+ 7. Nc3 Nxe4 8. 0-0 Nxc3 9. bxc3 Be7 10. Re1 0-0 11. Ne5 Nxe5 12. Rxe5 Bf6 13. Rh5 Re8 14. Bd3 h6 15. Bxh6 d5 16. Qf3 gxh6 17. Qg3+ Bg7 18. Rxh6 Re6 19. Rxe6 Bxe6 20. Re1 Qd7 21. Re5 Re8 22. Rg5 Bg4 23. Rxg4 f6 24. Rg6 Kf8 25. h4 Re1+ 26. Kh2 Re8 27. h5 Kf7 28. Rxg7+ 1-0

[Event "SLO-ch U12"]
[Site "Rogaska Slatina"]
[Date "2009.02.24"]
[Round "4"]
[White "Jarc, Jakob"]
[Black "Dobravec, Blaz"]
[Result "0-1"]
[WhiteElo "1500"]
[BlackElo "1500"]
[PlyCount "98"]
[EventDate "2009.02.22"]
[EventType "swiss"]
[EventRounds "9"]
[EventCountry "SLO"]
[SourceTitle "CBM 129 Extra"]
[Source "ChessBase"]
[SourceDate "2009.05.05"]
[SourceVersion "2"]
[SourceVersionDate "2009.05.20"]
[SourceQuality "1"]

1. d4 d5 2. c4 e6 3. e3 Nf6 4. Nc3 b6 5. Nf3 c5 6. cxd5 Nxd5 7. Bb5+ Bd7 8. e4 Nxc3 9. Bxd7+ Qxd7 10. bxc3 Be7 11. 0-0 0-0 12. dxc5 Qxd1 13. Rxd1 Bxc5 14. a4 Nc6 15. Ba3 Bxa3 16. Rxa3 Rfd8 17. Raa1 Na5 18. Rac1 Rac8 19. h3 Nb3 20. Rb1 Nc5 21. Re1 Nxa4 22. Ra1 b5 23. Rac1 Rc4 24. e5 Rd3 25. Red1 Rxd1+ 26. Rxd1 h6 27. Rd7 Nxc3 28. Rxa7 Ra4 29. Rc7 b4 30. Rc8+ Kh7 31. Rc7 Nd5 32. Rxf7 b3 33. Rb7 Rb4 34. Rxb4 Nxb4 35. Nd2 b2 36. Kf1 Nc2 37. Ke2 Na3 38. Ke3 b1Q 39. Nxb1 Nxb1 40. f4 Nc3 41. g4 Kg6 42. Kd4 Ne2+ 43. Ke3 Ng1 44. h4 Nh3 45. Kf3 h5 46. Kg3 Ng1 47. Kf2 hxg4 48. Kxg1 Kf5 49. Kf2 Kxf4 0-1

[Event "SLO-ch U12"]
[Site "Postojna"]
[Date "2008.02.29"]
[Round "8"]
[White "Dobravec, Blaz"]
[Black "Klancar, Gregor"]
[Result "1-0"]
[WhiteElo "1500"]
[BlackElo "1601"]
[PlyCount "97"]
[EventDate "2008.02.24"]
[EventType "swiss"]
[EventRounds "9"]
[EventCountry "SLO"]
[SourceTitle "EXT 2010"]
[Source "ChessBase"]
[SourceDate "2010.11.25"]
[SourceVersion "1"]
[SourceVersionDate "2010.11.25"]
[SourceQuality "1"]

1. e4 e5 2. Nf3 d6 3. d4 Qf6 4. Bg5 Qg6 5. Nc3 Bg4 6. Bc4 Nh6 7. Bxh6 Qxh6 8. dxe5 dxe5 9. Qd5 Be6 10. Qxe5 Nc6 11. Bb5 a6 12. Bxc6+ bxc6 13. Qxc7 Rc8 14. Qe5 c5 15. Qg5 Qxg5 16. Nxg5 Be7 17. Nxe6 fxe6 18. 0-0 0-0 19. e5 c4 20. Ne4 Rb8 21. b3 Rb5 22. Nd2 Rxe5 23. Nxc4 Rh5 24. Rae1 Rf6 25. Re5 Rh4 26. h3 Rg6 27. Re3 Bc5 28. Rd3 Rg5 29. Rf3 e5 30. Rd1 h6 31. Rd5 Bb4 32. c3 Be7 33. Rxe5 Rxe5 34. Nxe5 Bd6 35. Nc4 Bc7 36. Re3 Rh5 37. Rd3 Rf5 38. Ne3 Re5 39. Rd5 Re6 40. c4 Re7 41. b4 Re4 42. a4 Kh8 43. b5 axb5 44. axb5 Re8 45. c5 Ra8 46. b6 Bb8 47. c6 Ra6 48. Rd8+ Kh7 49. Rxb8 1-0

[Event "SLO-ch U12"]
[Site "Postojna"]
[Date "2008.02.26"]
[Round "4"]
[White "Dobravec, Blaz"]
[Black "Gnidovec, Tilen"]
[Result "1/2-1/2"]
[WhiteElo "1500"]
[BlackElo "1500"]
[PlyCount "106"]
[EventDate "2008.02.24"]
[EventType "swiss"]
[EventRounds "9"]
[EventCountry "SLO"]
[SourceTitle "EXT 2010"]
[Source "ChessBase"]
[SourceDate "2010.11.25"]
[SourceVersion "1"]
[SourceVersionDate "2010.11.25"]
[SourceQuality "1"]

1. e4 c5 2. Nf3 e6 3. Nc3 a6 4. d4 cxd4 5. Nxd4 b5 6. Nf3 Bb7 7. Bd3 Nf6 8. e5 Nd5 9. Nxd5 Bxd5 10. 0-0 Nc6 11. Re1 d6 12. Bf4 Nb4 13. Be4 Bxe4 14. Rxe4 d5 15. Re1 Rc8 16. c3 Nc6 17. Nd4 Nxd4 18. cxd4 Be7 19. a4 Bg5 20. Bxg5 Qxg5 21. Qb3 Rb8 22. Qb4 Qe7 23. Qxe7+ Kxe7 24. axb5 axb5 25. Ra7+ Ke8 26. Rea1 Rc8 27. Ra8 Kd7 28. R1a7+ Kc6 29. Rxc8+ Rxc8 30. Rxf7 Kb6 31. h3 Rc1+ 32. Kh2 Rb1 33. Re7 Rxb2 34. Rxe6+ Kc7 35. Re7+ Kd8 36. Rxg7 Rxf2 37. Rxh7 Rf4 38. Rb7 Rxd4 39. Rxb5 Ke7 40. Rb6 Re4 41. Kg3 Rxe5 42. Kf4 Re4+ 43. Kf5 Re3 44. Rg6 d4 45. Kf4 Re1 46. Rg3 Re2 47. h4 Kf6 48. h5 d3 49. Rxd3 Rxg2 50. Rd6+ Kg7 51. Kf5 Kh7 52. Rg6 Rxg6 53. hxg6+ Kg8 1/2-1/2

[Event "SLO-ch U12"]
[Site "Postojna"]
[Date "2008.02.26"]
[Round "3"]
[White "Laposi, Andrej"]
[Black "Dobravec, Blaz"]
[Result "1/2-1/2"]
[WhiteElo "1554"]
[BlackElo "1500"]
[PlyCount "48"]
[EventDate "2008.02.24"]
[EventType "swiss"]
[EventRounds "9"]
[EventCountry "SLO"]
[SourceTitle "EXT 2010"]
[Source "ChessBase"]
[SourceDate "2010.11.25"]
[SourceVersion "1"]
[SourceVersionDate "2010.11.25"]
[SourceQuality "1"]

1. e4 e5 2. Nf3 Nc6 3. Bc4 Bc5 4. c3 Nf6 5. d4 exd4 6. cxd4 Bb4+ 7. Nc3 Nxe4 8. 0-0 Nxc3 9. bxc3 Be7 10. Re1 0-0 11. Qe2 Bf6 12. Ne5 d5 13. Bd3 Re8 14. f4 Bxe5 15. fxe5 f6 16. Qh5 f5 17. Bxf5 Bxf5 18. Qxf5 Rf8 19. Qg4 Qc8 20. Qg3 Qe6 21. Bd2 Qg6 22. Qh3 Qf5 23. Qe3 Qe6 24. Rf1 Qg6 1/2-1/2

[Event "SLO-ch U10"]
[Site "Murska Sobota"]
[Date "2007.03.02"]
[Round "9"]
[White "Dobravec, Blaz"]
[Black "Prezelj, Vid"]
[Result "1-0"]
[WhiteElo "1500"]
[BlackElo "1500"]
[PlyCount "44"]
[EventDate "2007.02.25"]
[EventType "swiss"]
[EventRounds "9"]
[EventCountry "SLO"]
[SourceTitle "CBM 117 Extra"]
[Source "ChessBase"]
[SourceDate "2007.05.09"]
[SourceVersion "1"]
[SourceVersionDate "2007.05.09"]
[SourceQuality "1"]

1. e4 e6 2. Nf3 c5 3. Nc3 d5 4. exd5 exd5 5. d4 Nf6 6. Bb5+ Nbd7 7. Be3 a6 8. Bxd7+ Bxd7 9. dxc5 Bg4 10. Bd4 Be7 11. 0-0 0-0 12. Bxf6 Bxf6 13. Nxd5 Bxb2 14. Rb1 Bd4 15. Qxd4 Qd7 16. Nf4 Qf5 17. h3 Bxf3 18. gxf3 Qg5+ 19. Kh2 Rad8 20. Qe4 Rfe8 21. Qc4 b5 22. Qb4 h6 1-0

[Event "SLO-ch U10"]
[Site "Murska Sobota"]
[Date "2007.02.27"]
[Round "5"]
[White "Dobravec, Blaz"]
[Black "Pahor, Kristjan"]
[Result "1/2-1/2"]
[WhiteElo "1500"]
[BlackElo "1500"]
[PlyCount "32"]
[EventDate "2007.02.25"]
[EventType "swiss"]
[EventRounds "9"]
[EventCountry "SLO"]
[SourceTitle "CBM 117 Extra"]
[Source "ChessBase"]
[SourceDate "2007.05.09"]
[SourceVersion "1"]
[SourceVersionDate "2007.05.09"]
[SourceQuality "1"]

1. d4 d5 2. Nc3 Nf6 3. Bg5 Nc6 4. e3 e6 5. Bd3 h6 6. Bxf6 Qxf6 7. Nf3 e5 8. Nxd5 Qd6 9. Be4 Be6 10. Nc3 f5 11. Bxc6+ bxc6 12. Nxe5 Qb4 13. Nd3 Qc4 14. a3 Rb8 15. 0-0 Bd6 16. Qh5+ Kf8 1/2-1/2

[Event "SLO-ch U10"]
[Site "Murska Sobota"]
[Date "2007.02.26"]
[Round "2"]
[White "Bombek, Miha"]
[Black "Dobravec, Blaz"]
[Result "1-0"]
[WhiteElo "1542"]
[BlackElo "1500"]
[PlyCount "89"]
[EventDate "2007.02.25"]
[EventType "swiss"]
[EventRounds "9"]
[EventCountry "SLO"]
[SourceTitle "CBM 117 Extra"]
[Source "ChessBase"]
[SourceDate "2007.05.09"]
[SourceVersion "1"]
[SourceVersionDate "2007.05.09"]
[SourceQuality "1"]

1. e4 e5 2. Nf3 Nc6 3. Bc4 Bc5 4. c3 Nf6 5. d4 exd4 6. cxd4 Nxd4 7. Nxd4 Nxe4 8. 0-0 0-0 9. Nf3 Nf6 10. Bg5 d5 11. Bxf6 Qxf6 12. Qxd5 Qxb2 13. Nbd2 Bb4 14. Rab1 Qa3 15. Rb3 Qa5 16. Qxa5 Bxa5 17. Ne4 Bg4 18. Ne5 Rae8 19. Nxg4 Rxe4 20. Ne3 Bb6 21. Bd5 Re5 22. Bxb7 Bxe3 23. Rxe3 Rxe3 24. fxe3 Rb8 25. Rd1 h6 26. Be4 Re8 27. Rd4 c5 28. Rc4 a5 29. Bc2 Rc8 30. Kf2 Kf8 31. Kf3 Ke7 32. e4 g5 33. e5 Ke6 34. Ke4 f5+ 35. exf6 Kxf6 36. Kd5 Rd8+ 37. Kxc5 Rd2 38. Be4 Rxa2 39. Kb5 Ke5 40. Bh7 Kd5 41. Bg8+ Kd6 42. Rc6+ Kd7 43. Bxa2 a4 44. Kc5 a3 45. Kd5 1-0

[Event "SLO-ch U10"]
[Site "Murska Sobota"]
[Date "2007.02.26"]
[Round "3"]
[White "Dobravec, Blaz"]
[Black "Udovc, Tomaz"]
[Result "1-0"]
[WhiteElo "1500"]
[BlackElo "1500"]
[PlyCount "97"]
[EventDate "2007.02.25"]
[EventType "swiss"]
[EventRounds "9"]
[EventCountry "SLO"]
[SourceTitle "CBM 117 Extra"]
[Source "ChessBase"]
[SourceDate "2007.05.09"]
[SourceVersion "1"]
[SourceVersionDate "2007.05.09"]
[SourceQuality "1"]

1. e4 e5 2. Nf3 Nc6 3. Bc4 Nf6 4. d3 Bc5 5. 0-0 0-0 6. c3 d6 7. d4 exd4 8. cxd4 Bb4 9. Bd2 Bxd2 10. Qxd2 Nxe4 11. Qd3 Ng5 12. Nxg5 Qxg5 13. Nc3 Bf5 14. Qf3 Nxd4 15. Qe3 Qxe3 16. fxe3 Nc2 17. Rac1 Nxe3 18. Rf4 Nxc4 19. Rxc4 c5 20. Rd1 Be6 21. Nd5 Bxd5 22. Rxd5 Rad8 23. Ra4 a6 24. b4 c4 25. Ra3 b6 26. Rc3 a5 27. bxa5 bxa5 28. Rxc4 Rfe8 29. Rxa5 Re6 30. Raa4 Rf6 31. h3 h6 32. Ra6 Rd7 33. Ra8+ Kh7 34. Ra6 Re6 35. a4 g5 36. a5 h5 37. g4 hxg4 38. Rxg4 Rc7 39. Rxg5 Re2 40. Rf5 f6 41. Rxf6 Kg7 42. Raxd6 Ra7 43. Ra6 Rb7 44. Rab6 Rd7 45. a6 Rdd2 46. a7 Rg2+ 47. Kh1 Rge2 48. Rg6+ Kf7 49. a8Q 1-0